000 00714nam a22002537a 4500
001 001154
003 DO-SdBNP
005 20180201140413.0
007 001154
008 160817b 2002 sp||||| |||| 00| 0 spa d
020 _a9788495722171
040 _aBPMSU
_bspa
_cBPMSU
092 _axxxxxxxx
_bxxxxxxx
100 1 _aSimó Monllor, Isabel-Clara,
_d1943-
245 1 _aRaquel /
_cIsabel-Clara Simó Monllor ; traducción Silvia Sanz
260 _aAlzira, España :
_bAlgar,
_c2002.
300 _a182 p. :
_c21 cm.
490 1 _aAlgar joven
_v9
700 1 _aSenz, Silvia,
_etr.
830 0 _aAlgar joven
_n9
942 _2ddc
_cBK
945 _aInventariado, 2018/ YL
956 _aBTAVÁREZ
_b10
_c20161708
_d001154
999 _c11171
_d11171